00579nam a2200145 4500008001700000020001800017082002200035100002500057245004100082260003900123300003400162505015800196650006000354700001900414751.730.92 H889o a9789992406557 a751.730.92bH889o aHufschmid, Dominique aOjo, identidad visual nicaragüense aManaguabDominique Hufschmidc2007 a140 p.bil (col)c21 x 16 cm  tPresentaciónrEmerson Pérez S. tRescate estético de la plástica callejera rTeresa Codina tGusto ingenuo y devenir entrópicorPatricia Belli  xarte popularxgráfica popularxarte muralxNicaragua  aGaray, Xabier